ბათუმის შოთა რუსთაველის სახელმწიფო უნივერსიტეტის ბიბლიოთეკა

გათბობა და ვენტილაცია ნაწ.1 : (ბიბ.ჩანაწერი № 39597)

000 -ლიდერი
ფიქსირებული სიგრძის საკონტროლო ველი 00982nam a2200229Ia 4500
001 - საკონტროლო ნომერი
საკონტროლო ველი 6197
003 - საკონტროლო ნომრის იდენტიფიკატორი
საკონტროლო ველი GE_BSU
005 - ბოლო ოპერაციის თარიღი და დრო
საკონტროლო ველი 20190503104858.0
008 - ფიქსირებული სიგრძის მონაცემთა ელემენტები - ზოგადი ინფორმაცია
ფიქსირებული სიგრძის საკონტროლო ველი 181216s1988||||ge |||||||||||||| ||geo||
040 ## - კატალოგიზაციის წყარო
Transcribing agency GE_BSU
041 ## - ენის კოდი
Language code of text/sound track or separate title geo
080 ## - უნივერსალური ათობითი კლასიფიკაციის ინდექსი
Universal Decimal Classification number 697(075) დ-23
100 ## - მთავარი ჩანაწერი - პიროვნების სახელი
Personal name დარჩია, გ.
9 (RLIN) 667
245 ## - ცნობა სათაურის შესახებ
Title გათბობა და ვენტილაცია ნაწ.1 :
Remainder of title სახელმძღვ. /
Statement of responsibility, etc გ.დარჩია ; რედ. მ.გრძელიშვილი.
250 ## - გამოცემის ცნობა
Edition statement მე-2 შევსებ. და გადამუშ. გამოც.
264 ## - წარმოების, გამოცემის, დისტრიბუციის და სხვა ცნობები
გამოცემის, წარმოების, დისტრიბუციის... ადგილი თბილისი :
გამოცემის, წარმოების, დისტრიბუციის... სახელწოდება განათლება,
გამოცემის, წარმოების, დისტრიბუციის... თარიღი 1988.
300 ## - ფიზიკური აღწერა
Extent 547 გვ. :
Other physical details ნახაზები ;
Dimensions 22 სმ.
504 ## - BIBLIOGRAPHY, ETC. NOTE
Bibliography, etc ბიბლიოგრ. : გვ.542.
653 ## - INDEX TERM--UNCONTROLLED
Uncontrolled term გათბობა და ვენტილაცია
700 ## - ADDED ENTRY--PERSONAL NAME
Personal name გრძელიშვილი, მ.
Relator term რედაქტორი
9 (RLIN) 668
942 ## - ADDED ENTRY ELEMENTS (KOHA)
Koha item type წიგნი
Source of classification or shelving scheme
ეგზემპლარები
ჩამოწერის სტატუსი დაკარგული ეგზემპლარის სტატუსი კლასიფიკაციის წყარო ან თაროზე გაწყობის სქემა დაზიანების სტატუსი არ გაიცემა მუდმივი მდებარეობა (დაცვის ადგილი) ამჟამინდელი ადგილსამყოფელი თაროზე განთავსების ადგილი შეძენის თარიღი ღირებულება, შესყიდვის ნორმალური ფასი სრული შენახვის შიფრი შტრიხკოდი ბოლო ოპერაციის თარიღი ეგზემპლარის მიმდევრობითი ნომერი (კეტერი?) ფასის ძალაში შესვლის თარიღი ეგზემპლარის სახეობა საჯარო შენიშვნა
          ტექნოლოგიური ფაკულტეტის ბიბლიოთეკა ბათუმის შოთა რუსთაველის სახელმწიფო უნივერსიტეტის მთავარი ბიბლიოთეკა წიგნსაცავი 2018-12-17 2.40 697(075) დ-23 11638 2018-12-17 11636 2018-12-17 წიგნი 2.40 ლ.
          ტექნოლოგიური ფაკულტეტის ბიბლიოთეკა ტექნოლოგიური ფაკულტეტის ბიბლიოთეკა წიგნსაცავი 2018-12-17 2.40 697(075) დ-23 11635 2018-12-17 11635 2018-12-17 წიგნი 2.40 ლ.
          ტექნოლოგიური ფაკულტეტის ბიბლიოთეკა ტექნოლოგიური ფაკულტეტის ბიბლიოთეკა წიგნსაცავი 2018-12-17 2.40 697(075) დ-23 11636 2018-12-17 11636 2018-12-17 წიგნი 2.40 ლ.
          ტექნოლოგიური ფაკულტეტის ბიბლიოთეკა ტექნოლოგიური ფაკულტეტის ბიბლიოთეკა წიგნსაცავი 2018-12-17 2.40 697(075) დ-23 11637 2018-12-17 11637 2018-12-17 წიგნი 2.40 ლ.
          ტექნოლოგიური ფაკულტეტის ბიბლიოთეკა ტექნოლოგიური ფაკულტეტის ბიბლიოთეკა წიგნსაცავი 2018-12-17 2.40 697(075) დ-23 11639 2018-12-17 11639 2018-12-17 წიგნი 2.40 ლ.